| 000 | 00910nam a22002657a 4500 | ||
|---|---|---|---|
| 003 | OSt | ||
| 005 | 20230606090447.0 | ||
| 008 | 140916b xxu||||| |||| 00| 0 eng d | ||
| 020 | _a9780230285682 | ||
| 040 | _cWIUC-GH | ||
| 050 | _aKD640.M47 | ||
| 100 |
_aMcLeod, Ian _91581 |
||
| 245 |
_aLegal method. / _cIan McLeod |
||
| 250 | _a8th ed. | ||
| 260 |
_aLondon : _bPalrave Macmillan, _c2011. |
||
| 300 | _axxi 317 p. | ||
| 490 | _3Palgrave Macmillan law master's | ||
| 500 | _aIncludes index | ||
| 505 | _aContents: An introduction to law and legal reasoning -- The classification of English law - The jurisdictions of the principal English courts -- | ||
| 650 |
_aLaw -- Great Britain -- Methodology _91582 |
||
| 650 | _2Law -- Great Britain -- Interpretation and construction | ||
| 650 |
_aLaw -- Great Britain -- Language _91583 |
||
| 650 |
_aLaw -- Methodology _91584 |
||
| 942 |
_2lcc _cBK |
||
| 999 |
_c9657 _d17157 |
||